| 000 | 00000nam 2200000zi 4500 |
| 001 | 9.950208 |
| 003 | CaOODSP |
| 005 | 20250821120228 |
| 006 | m o d f |
| 007 | cr cn||||||||| |
| 008 | 250416t20252025onc o f000 0 eng d |
| 020 | |a9780660769615 |
| 040 | |aCaOODSP|beng|erda|cCaOODSP |
| 043 | |an-cn--- |
| 086 | 1 |aH149-34/5-2025E-PDF|zH149-34/5-2025E |
| 245 | 00|aTobacco and vaping products promotion restrictions on the internet and social media. |
| 264 | 1|a[Ottawa] : |bHealth Canada = Santé Canada, |c2025. |
| 264 | 4|c©2025 |
| 300 | |a1 online resource (1 unnumbered page) |
| 336 | |atext|btxt|2rdacontent |
| 337 | |acomputer|bc|2rdamedia |
| 338 | |aonline resource|bcr|2rdacarrier |
| 500 | |aCaption title. |
| 500 | |aIncorrect catalogue number (H149-34/5-2025E) printed in this publication. |
| 500 | |aIssued also in French under title: Restrictions sur la promotion des produits du tabac et de vapotage sur internet et sur les médias sociaux. |
| 520 | |a"Reminder to manufacturers, importers, distributors, retailers and festivals and events organizers of tobacco and vaping products"--Page [1]. |
| 530 | |aIssued also in printed form. |
| 610 | 10|aCanada. |tTobacco and Vaping Products Act. |
| 650 | 0|aTobacco products|xLaw and legislation|zCanada. |
| 650 | 0|aVaping|xLaw and legislation|zCanada. |
| 650 | 0|aYouth|xTobacco use|zCanada. |
| 650 | 0|aInternet advertising|zCanada. |
| 650 | 0|aSocial media and youth|zCanada. |
| 710 | 1 |aCanada. |bHealth Canada, |eissuing body. |
| 775 | 08|tRestrictions sur la promotion des produits du tabac et de vapotage sur internet et sur les médias sociaux.|w(CaOODSP)9.950210 |
| 776 | 0#|tThe Tobacco and Vaping Products Act : |w(CaOODSP)9.950209 |
| 856 | 40|qPDF|s39.4 KB|uhttps://publications.gc.ca/collections/collection_2025/sc-hc/H149-34-5-2025-eng.pdf |
| 986 | |a250024 |